000 00517nam a22001937a 4500
999 _c3468
_d3468
003 OSt
005 20190903091954.0
008 160412b xxu||||| |||| 00| 0 eng d
020 _a0072903333
040 _cDDC.
082 _a657.3PEN 2001.
100 _aPenman,H.Stephen;
_97749
245 _aFinancial Statement Analysis and Security Valuation.
260 _aNew York.
_bMc Graw-Hill.
_c2001.
300 _axxi,770p;
_bill;
_c27cm
504 _aincludes index.
650 _aEconomics
_9975
942 _2ddc
_cSLOAN